[Event "12. Torneo de Promoción Almansa 2017"]
[Site "Almansa ESP"]
[Date "2017.08.03"]
[Round "4.10"]
[White "Alvarez Morales, Miguel"]
[Black "Villar Reymundo, Juan Antonio"]
[Result "0-1"]
[WhiteElo "2055"]
[BlackElo "2215"]
[PlyCount "61"]
[EventDate "2017.08.01"]
[EventType "swiss"]
[EventRounds "9"]
[EventCountry "ESP"]
[SourceTitle "Ajedrez en Madrid"]
[Source "lmi"]
[SourceDate "2017.08.01"]
[SourceVersion "1"]
[SourceVersionDate "2017.08.11"]
[SourceQuality "1"]

1. c4 Nf6 2. Nc3 d5 3. cxd5 Nxd5 4. e4 Nb6 5. d4 g6 6. Be3 Bg7 7. h3 O-O 8. Nf3
Nc6 9. Rc1 e5 10. d5 Ne7 11. Nb5 c6 12. d6 Ned5 13. exd5 cxb5 14. Bxb5 e4 15.
Ng5 Bxb2 16. Nxe4 Bf5 17. Ng3 Bxc1 18. Qxc1 Bd7 19. Be2 Nxd5 20. Bh6 Qa5+ 21.
Kf1 Rfe8 22. Kg1 Qc3 23. Kh2 Qxc1 24. Rxc1 Rac8 25. Rb1 b6 26. Bf3 Nf6 27. Rb3
Rc2 28. Bg5 Kg7 29. Ra3 a5 30. Be3 Rxe3 31. Rxe3 0-1

[Event "12. Torneo de Promoción Almansa 2017"]
[Site "Almansa ESP"]
[Date "2017.08.03"]
[Round "5.1"]
[White "Castellanos Gomez, Alejandro"]
[Black "Villasenor Rubio, Emilio Jose"]
[Result "1/2-1/2"]
[WhiteElo "2238"]
[BlackElo "2231"]
[PlyCount "49"]
[EventDate "2017.08.01"]
[EventType "swiss"]
[EventRounds "9"]
[EventCountry "ESP"]
[SourceTitle "Ajedrez en Madrid"]
[Source "lmi"]
[SourceDate "2017.08.01"]
[SourceVersion "1"]
[SourceVersionDate "2017.08.11"]
[SourceQuality "1"]

1. d4 Nf6 2. Bf4 g6 3. Nf3 Bg7 4. Nc3 O-O 5. e4 d6 6. Qd2 Nbd7 7. O-O-O c5 8.
dxc5 Nxc5 9. e5 Nh5 10. Bh6 Qa5 11. Bxg7 Kxg7 12. Qd4 Ne6 13. Qd5 Qxd5 14. Nxd5
dxe5 15. Nxe5 Rd8 16. Bc4 Kf8 17. Rhe1 Nf6 18. a4 Rd6 19. Nxf6 Rxd1+ 20. Rxd1
exf6 21. Ng4 Ke7 22. Ne3 Nc7 23. Bd5 Rb8 24. c4 Be6 25. Kc2 1/2-1/2

[Event "12. Torneo de Promoción Almansa 2017"]
[Site "Almansa ESP"]
[Date "2017.08.03"]
[Round "5.2"]
[White "Gonzalez Laso, Adrian"]
[Black "Arias Igual, Alejandro"]
[Result "1/2-1/2"]
[WhiteElo "2210"]
[BlackElo "2232"]
[PlyCount "138"]
[EventDate "2017.08.01"]
[EventType "swiss"]
[EventRounds "9"]
[EventCountry "ESP"]
[SourceTitle "Ajedrez en Madrid"]
[Source "lmi"]
[SourceDate "2017.08.01"]
[SourceVersion "1"]
[SourceVersionDate "2017.08.11"]
[SourceQuality "1"]

1. e4 e6 2. d4 d5 3. Nc3 Bb4 4. Nge2 dxe4 5. a3 Be7 6. Nxe4 Nf6 7. N2c3 O-O 8.
Be3 Nxe4 9. Nxe4 f5 10. Nc5 f4 11. Bc1 Nc6 12. Nb3 a5 13. a4 Qd5 14. Qf3 Nb4
15. Kd1 Qf5 16. Bd3 Nxd3 17. cxd3 Bd7 18. Re1 Bc6 19. Re4 Bb4 20. Bd2 Bd5 21.
Nc1 Bxd2 22. Kxd2 Rad8 23. Ne2 Bxe4 24. dxe4 Qf7 25. Ke1 Kh8 26. Rc1 Qe7 27.
Rc4 c6 28. Nc3 e5 29. d5 Qd6 30. Qh5 cxd5 31. exd5 g6 32. Qg5 Rf5 33. Qh4 f3
34. g3 Rff8 35. Qg5 e4 36. Rxe4 Rfe8 37. Qe3 Rxe4 38. Qxe4 Qf6 39. Kd2 Kg7 40.
h4 Rd7 41. Qc4 Re7 42. Qc5 b6 43. Qc4 Qe5 44. Kc2 h6 45. Kb3 Kh7 46. Qd3 Qf6
47. h5 Kg7 48. hxg6 Qxg6 49. Qxf3 Rf7 50. Qe3 Qf6 51. f4 Re7 52. Qd3 Qd6 53.
Qd4+ Kg6 54. g4 Rd7 55. Qe4+ Kf6 56. Qf5+ Ke7 57. Qh7+ Ke8 58. Qg8+ Ke7 59. f5
Qb4+ 60. Kc2 Rc7 61. Qg7+ Kd8 62. Qh8+ Kd7 63. Qg7+ Kc8 64. Qf6 Qe4+ 65. Kb3
Qb4+ 66. Kc2 Qe4+ 67. Kd2 Qg2+ 68. Kc1 Qh1+ 69. Kc2 Qe4+ 1/2-1/2

[Event "12. Torneo de Promoción Almansa 2017"]
[Site "Almansa ESP"]
[Date "2017.08.03"]
[Round "5.3"]
[White "Navarro Lopez-Menchero, Daniel"]
[Black "Garcia Romero, Benjamin Abel"]
[Result "1/2-1/2"]
[WhiteElo "2266"]
[BlackElo "2217"]
[PlyCount "192"]
[EventDate "2017.08.01"]
[EventType "swiss"]
[EventRounds "9"]
[EventCountry "ESP"]
[SourceTitle "Ajedrez en Madrid"]
[Source "lmi"]
[SourceDate "2017.08.01"]
[SourceVersion "1"]
[SourceVersionDate "2017.08.11"]
[SourceQuality "1"]

1. e4 c5 2. Nf3 Nc6 3. Nc3 e6 4. d4 cxd4 5. Nxd4 Qc7 6. Be3 a6 7. Qd2 Nf6 8. f3
Bb4 9. O-O-O Ne7 10. Nde2 b5 11. Qd4 Nc6 12. Qb6 Qb7 13. a3 Be7 14. Bc5 Rb8 15.
Qxb7 Bxb7 16. Bxe7 Kxe7 17. Nf4 Rhc8 18. Re1 d6 19. Nd3 Nd4 20. e5 dxe5 21.
Nxe5 a5 22. Bxb5 Rxc3 23. bxc3 Nxb5 24. c4 Nxa3 25. Re3 Nxc4 26. Nxc4 a4 27.
Ra3 Bc6 28. Rd1 Nd5 29. Ne3 Nf4 30. Rd2 Rb7 31. c4 g5 32. Nc2 Rc7 33. Kb2 Be8
34. Rc3 Ng6 35. Nd4 Rc5 36. Ka3 Ne5 37. Kb4 Rc8 38. Nb5 Rb8 39. Rb2 Rc8 40. Ra2
Rb8 41. Rxa4 Nxc4 42. Ra7+ Kf6 43. Kxc4 Bxb5+ 44. Kd4 Be8 45. Ke3 h6 46. Ra2
Rd8 47. Kf2 Kg6 48. Kg3 Bb5 49. h4 Rd5 50. hxg5 hxg5 51. Rc7 Rf5 52. Ra5 Bd3
53. Ra8 Kg7 54. Ra4 Rd5 55. Kf2 Bf5 56. Rb7 Bc2 57. Ra6 Kf6 58. Rab6 Bf5 59.
Rb5 Rd2+ 60. Kg3 Ra2 61. Rb2 Ra3 62. Kh2 Ra4 63. R7b4 Ra3 64. Kg1 Ra5 65. Kf2
Rc5 66. Kg1 Rc1+ 67. Kh2 Rc3 68. Rb5 g4 69. fxg4 Bxg4 70. Rf2+ Kg6 71. Rb8 f5
72. Ra2 Re3 73. Kg1 Re4 74. Kf2 Kf6 75. Rb6 Bh5 76. Ra3 Rf4+ 77. Kg1 Re4 78.
Rh3 Kg5 79. Rb8 Bg4 80. Rg8+ Kf6 81. Rh6+ Ke5 82. Rgg6 Kd5 83. Rh8 Be2 84. Ra8
Bc4 85. Ra5+ Kd4 86. Rg7 Re1+ 87. Kh2 Bd5 88. Ra4+ Ke5 89. Rb4 Re2 90. Kg1 Ra2
91. Kf1 Kf6 92. Rg3 Rc2 93. Kg1 Rc1+ 94. Kh2 Rc2 95. Kg1 Rc1+ 96. Kh2 Rc2
1/2-1/2

[Event "12. Torneo de Promoción Almansa 2017"]
[Site "Almansa ESP"]
[Date "2017.08.03"]
[Round "5.4"]
[White "Jordan Martinez, Miguel"]
[Black "Prieto Aranguren, Alain"]
[Result "1-0"]
[WhiteElo "2212"]
[BlackElo "2286"]
[PlyCount "127"]
[EventDate "2017.08.01"]
[EventType "swiss"]
[EventRounds "9"]
[EventCountry "ESP"]
[SourceTitle "Ajedrez en Madrid"]
[Source "lmi"]
[SourceDate "2017.08.01"]
[SourceVersion "1"]
[SourceVersionDate "2017.08.11"]
[SourceQuality "1"]

1. e4 c6 2. d4 d5 3. Nd2 dxe4 4. Nxe4 Bf5 5. Ng3 Bg6 6. Nh3 e6 7. Nf4 Bd6 8. h4
Qc7 9. Nxg6 hxg6 10. Ne4 Be7 11. g3 Nf6 12. Qe2 Nxe4 13. Qxe4 Nd7 14. Bg2 Qa5+
15. Bd2 Qb5 16. b3 Nf6 17. Qe2 Qxe2+ 18. Kxe2 a5 19. c4 O-O 20. a3 Rfd8 21. Bc3
a4 22. b4 Rac8 23. Rac1 b6 24. Bb2 Nd7 25. Rc2 Bf6 26. Rd1 Nb8 27. Be4 Rc7 28.
Rcd2 Kf8 29. Rd3 Nd7 30. Bc1 Rcc8 31. Bf4 Ke7 32. Be3 b5 33. cxb5 cxb5 34. f4
Nb6 35. d5 Nxd5 36. Bxd5 Rc2+ 37. Kf3 exd5 38. Bc5+ Ke8 39. Re3+ Kd7 40. Rxd5+
Kc7 41. Rxd8 Kxd8 42. Ke4 Kc7 43. Rd3 Bb2 44. Bd4 Rc4 45. Ke3 Bc1+ 46. Ke2 f6
47. Bc5 Bb2 48. Bd6+ Kc6 49. Bf8 f5 50. Rd6+ Kc7 51. Rxg6 Re4+ 52. Kd3 Re8 53.
Bxg7 Bxa3 54. Bc3 Bc1 55. Kc2 Be3 56. h5 Bb6 57. Be5+ Kb7 58. h6 a3 59. Kb3 a2
60. Kxa2 Ra8+ 61. Kb3 Ka6 62. h7 Ra7 63. Rxb6+ Kxb6 64. Bd4+ 1-0

[Event "12. Torneo de Promoción Almansa 2017"]
[Site "Almansa ESP"]
[Date "2017.08.03"]
[Round "5.5"]
[White "Silva Rodriguez, Fernando"]
[Black "Ramos Ferrandiz, Juan Carlos"]
[Result "1-0"]
[WhiteElo "2235"]
[BlackElo "2061"]
[PlyCount "77"]
[EventDate "2017.08.01"]
[EventType "swiss"]
[EventRounds "9"]
[EventCountry "ESP"]
[SourceTitle "Ajedrez en Madrid"]
[Source "lmi"]
[SourceDate "2017.08.01"]
[SourceVersion "1"]
[SourceVersionDate "2017.08.11"]
[SourceQuality "1"]

1. d4 Nf6 2. c4 e6 3. Nf3 b6 4. g3 Ba6 5. Nbd2 Bb4 6. Qc2 Bb7 7. Bg2 Be4 8. Qb3
Bxd2+ 9. Bxd2 O-O 10. O-O d6 11. Rfd1 Nbd7 12. Qe3 Qe7 13. Bc3 Rad8 14. b4 c5
15. Bh3 Rfe8 16. Rac1 Ba8 17. a3 h6 18. Nd2 Bc6 19. f3 cxd4 20. Bxd4 e5 21. Bb2
Nf8 22. Bf5 Bd7 23. Bc2 d5 24. cxd5 Nxd5 25. Qf2 Rc8 26. Nf1 Nc3 27. Bxc3 Rxc3
28. Bh7+ Nxh7 29. Rxc3 Ng5 30. Qe3 Bh3 31. Rdc1 Rd8 32. Rd3 Rxd3 33. Qxd3 a5
34. bxa5 bxa5 35. Qe3 Bf5 36. Rc5 f6 37. Rxa5 Qb7 38. Nd2 Qb2 39. Qb3+ 1-0

[Event "12. Torneo de Promoción Almansa 2017"]
[Site "Almansa ESP"]
[Date "2017.08.03"]
[Round "5.6"]
[White "Romero Berruezo, Francisco"]
[Black "Villar Reymundo, Juan Antonio"]
[Result "1/2-1/2"]
[WhiteElo "2132"]
[BlackElo "2215"]
[PlyCount "133"]
[EventDate "2017.08.01"]
[EventType "swiss"]
[EventRounds "9"]
[EventCountry "ESP"]
[SourceTitle "Ajedrez en Madrid"]
[Source "lmi"]
[SourceDate "2017.08.01"]
[SourceVersion "1"]
[SourceVersionDate "2017.08.11"]
[SourceQuality "1"]

1. Nf3 Nf6 2. c4 b6 3. g3 Bb7 4. Bg2 c5 5. O-O g6 6. b3 Bg7 7. Bb2 O-O 8. d4
cxd4 9. Bxd4 d6 10. Nbd2 Nbd7 11. Rc1 Rc8 12. Rc2 Rc7 13. Qa1 Qa8 14. Rfc1 Rfc8
15. Bh3 Rd8 16. a4 Qb8 17. a5 Ba8 18. axb6 axb6 19. Ra2 Bh6 20. Rcc2 b5 21. Ra5
bxc4 22. bxc4 Bc6 23. Rb2 Rb7 24. Rxb7 Qxb7 25. Ra7 Ra8 26. Rxa8+ Qxa8 27.
Qxa8+ Bxa8 28. Nb3 Bg7 29. Nfd2 Kf8 30. f3 Ke8 31. e4 Nh5 32. Bxg7 Nxg7 33.
Bxd7+ Kxd7 34. Kf2 f5 35. Ke3 e6 36. c5 Ne8 37. cxd6 Nxd6 38. e5 Nf7 39. Nc5+
Ke7 40. f4 Bd5 41. Nd3 Nh6 42. Nf2 Ng8 43. Kd4 Kd7 44. Kc5 Ne7 45. Nb1 Bg2 46.
Nc3 h6 47. Nfd1 g5 48. Kd4 Ng6 49. fxg5 hxg5 50. Ne3 Bf3 51. Nc4 Ne7 52. Ke3
Bb7 53. Nd6 Ba6 54. Na4 Kc6 55. Kd4 Kc7 56. Nf7 Nc6+ 57. Ke3 Kd7 58. Nc5+ Ke7
59. Nxg5 Nxe5 60. Ngxe6 Ng4+ 61. Kf4 Nxh2 62. Nd4 Bc8 63. Nxf5+ Bxf5 64. Kxf5
Nf1 65. g4 Ne3+ 66. Kf4 Nxg4 67. Kxg4 1/2-1/2

[Event "12. Torneo de Promoción Almansa 2017"]
[Site "Almansa ESP"]
[Date "2017.08.03"]
[Round "5.7"]
[White "Amate Tortosa, Bernardo"]
[Black "Gimenez Menchon, Cesar"]
[Result "1-0"]
[WhiteElo "2103"]
[BlackElo "2167"]
[PlyCount "87"]
[EventDate "2017.08.01"]
[EventType "swiss"]
[EventRounds "9"]
[EventCountry "ESP"]
[SourceTitle "Ajedrez en Madrid"]
[Source "lmi"]
[SourceDate "2017.08.01"]
[SourceVersion "1"]
[SourceVersionDate "2017.08.11"]
[SourceQuality "1"]

1. d4 d5 2. c4 e6 3. Nc3 c5 4. cxd5 exd5 5. Nf3 Nc6 6. g3 Nf6 7. Bg2 Be7 8. O-O
O-O 9. dxc5 Bxc5 10. Bg5 d4 11. Bxf6 Qxf6 12. Ne4 Qe7 13. Nxc5 Qxc5 14. Qd2 Bg4
15. b4 Qb6 16. Rab1 Rad8 17. b5 Bf5 18. Rb2 Na5 19. Qg5 Be6 20. Nh4 h6 21. Qh5
d3 22. exd3 Qd4 23. Qe2 Rfe8 24. Nf3 Qb6 25. Qc2 Bf5 26. Rd1 Qf6 27. Rb4 b6 28.
h4 Nb7 29. Rf4 Qg6 30. Qc7 Nc5 31. Ne5 Qf6 32. Ng4 Qe6 33. Ne3 Bxd3 34. Bc6 Rf8
35. Qxa7 g5 36. hxg5 hxg5 37. Rg4 Qg6 38. Qxb6 Nd7 39. Qc7 f5 40. Rd4 f4 41.
R4xd3 fxe3 42. Rxe3 Qf6 43. Rxd7 Rde8 44. Bd5+ 1-0

[Event "12. Torneo de Promoción Almansa 2017"]
[Site "Almansa ESP"]
[Date "2017.08.03"]
[Round "5.8"]
[White "Lara Granero, Bio"]
[Black "Nicolas Zapata, Javier"]
[Result "1-0"]
[WhiteElo "2063"]
[BlackElo "2138"]
[PlyCount "61"]
[EventDate "2017.08.01"]
[EventType "swiss"]
[EventRounds "9"]
[EventCountry "ESP"]
[SourceTitle "Ajedrez en Madrid"]
[Source "lmi"]
[SourceDate "2017.08.01"]
[SourceVersion "1"]
[SourceVersionDate "2017.08.11"]
[SourceQuality "1"]

1. b3 e5 2. Bb2 Nc6 3. e3 d6 4. Ne2 f5 5. d4 Nf6 6. dxe5 Nxe5 7. Nf4 Bd7 8. Nc3
g6 9. h4 Bg7 10. h5 Nfg4 11. Be2 g5 12. Bxg4 Nxg4 13. h6 Be5 14. Nh5 c6 15. Qd2
Qe7 16. O-O-O O-O-O 17. f4 Bxc3 18. Bxc3 Rhg8 19. Qxd6 Qxe3+ 20. Bd2 Qe2 21.
Rde1 Qxg2 22. fxg5 Be8 23. Qe6+ Bd7 24. Qc4 Rge8 25. Ng7 Re4 26. Qf1 Rxe1+ 27.
Qxe1 Qd5 28. Rf1 Nh2 29. Rf2 Nf3 30. Qe3 Ne5 31. Qxa7 1-0

[Event "12. Torneo de Promoción Almansa 2017"]
[Site "Almansa ESP"]
[Date "2017.08.03"]
[Round "5.9"]
[White "Esteban Romo, Francisco J"]
[Black "Gonzalez Benavides, Jose Anton"]
[Result "1-0"]
[WhiteElo "2007"]
[BlackElo "2105"]
[PlyCount "77"]
[EventDate "2017.08.01"]
[EventType "swiss"]
[EventRounds "9"]
[EventCountry "ESP"]
[SourceTitle "Ajedrez en Madrid"]
[Source "lmi"]
[SourceDate "2017.08.01"]
[SourceVersion "1"]
[SourceVersionDate "2017.08.11"]
[SourceQuality "1"]

1. d4 d5 2. Bf4 c5 3. e3 Nc6 4. c3 Nf6 5. Nd2 e6 6. Ngf3 Be7 7. Bd3 O-O 8. Ne5
Nxe5 9. dxe5 Nd7 10. h4 Qe8 11. Qh5 f5 12. Qe2 c4 13. Bc2 Nc5 14. Bg5 b5 15.
Nf3 a5 16. Nd4 b4 17. g4 Bxg5 18. hxg5 g6 19. gxf5 exf5 20. f4 Rb8 21. O-O-O
Rf7 22. Qg2 Qd7 23. e6 Nxe6 24. Bxf5 gxf5 25. g6 hxg6 26. Qxg6+ Rg7 27. Qh6
Nxd4 28. exd4 Rb6 29. Qxb6 bxc3 30. Rde1 cxb2+ 31. Kb1 c3 32. Rhg1 Bb7 33.
Rxg7+ Kxg7 34. Rg1+ Kf7 35. Qh6 c2+ 36. Kxc2 Qc6+ 37. Qxc6 Bxc6 38. Kxb2 Ke7
39. Rg6 1-0

[Event "12. Torneo de Promoción Almansa 2017"]
[Site "Almansa ESP"]
[Date "2017.08.03"]
[Round "5.11"]
[White "Gil Quilez, David"]
[Black "Lozano Osorio, Isaac"]
[Result "1-0"]
[WhiteElo "2214"]
[BlackElo "2012"]
[PlyCount "65"]
[EventDate "2017.08.01"]
[EventType "swiss"]
[EventRounds "9"]
[EventCountry "ESP"]
[SourceTitle "Ajedrez en Madrid"]
[Source "lmi"]
[SourceDate "2017.08.01"]
[SourceVersion "1"]
[SourceVersionDate "2017.08.11"]
[SourceQuality "1"]

1. e4 c6 2. d4 d5 3. Nc3 dxe4 4. Nxe4 Nf6 5. Nxf6+ exf6 6. c3 Bd6 7. Bd3 O-O 8.
Qc2 Re8+ 9. Ne2 h6 10. Be3 Be6 11. O-O Qc7 12. h3 Nd7 13. c4 b6 14. a3 a5 15.
Rad1 g5 16. d5 Bxh3 17. gxh3 Ne5 18. Nd4 g4 19. Be2 gxh3 20. Qf5 h2+ 21. Kh1
Ng6 22. Nxc6 Kg7 23. Bd3 Be5 24. Bd4 Bxd4 25. Nxd4 Re5 26. Qh3 Rh8 27. Bxg6
Kxg6 28. Qg3+ Kh7 29. Nc6 Rg8 30. Qd3+ Kh8 31. Nxe5 Qxe5 32. f4 Qh5 33. Rd2 1-0

[Event "12. Torneo de Promoción Almansa 2017"]
[Site "Almansa ESP"]
[Date "2017.08.04"]
[Round "6.1"]
[White "Garcia Romero, Benjamin Abel"]
[Black "Castellanos Gomez, Alejandro"]
[Result "1/2-1/2"]
[WhiteElo "2217"]
[BlackElo "2238"]
[PlyCount "136"]
[EventDate "2017.08.01"]
[EventType "swiss"]
[EventRounds "9"]
[EventCountry "ESP"]
[SourceTitle "Ajedrez en Madrid"]
[Source "lmi"]
[SourceDate "2017.08.01"]
[SourceVersion "1"]
[SourceVersionDate "2017.08.11"]
[SourceQuality "1"]

1. d4 Nf6 2. c4 e6 3. Nf3 d5 4. g3 Be7 5. Bg2 O-O 6. O-O dxc4 7. Qc2 a6 8. Qxc4
b5 9. Qc2 Bb7 10. Rd1 Qc8 11. Bg5 c5 12. Bxf6 gxf6 13. d5 Bxd5 14. Rxd5 exd5
15. Nc3 Nc6 16. Nxd5 Ra7 17. Rc1 Rd8 18. e4 Qe6 19. Nh4 Nd4 20. Qd3 Rxd5 21.
exd5 Ne2+ 22. Kf1 Nxc1 23. Qc2 Qe2+ 24. Qxe2 Nxe2 25. Kxe2 Bd6 26. Nf5 Rd7 27.
b3 Kf8 28. Be4 Bc7 29. h4 Rd8 30. h5 c4 31. bxc4 bxc4 32. Ne3 Re8 33. Kf3 c3
34. Bxh7 Bb6 35. Nc4 Bc5 36. h6 Re1 37. d6 Rh1 38. d7 Ke7 39. Bf5 Rxh6 40. Na5
Bb6 41. Nc6+ Kf8 42. Ke2 Rh1 43. Bc2 Ra1 44. a4 Rc1 45. Kd3 Rf1 46. a5 Bc7 47.
Ke2 Ra1 48. g4 Bxa5 49. Nxa5 Ke7 50. Nb3 Ra2 51. Kd3 Kxd7 52. Kxc3 Kd8 53. f3
Ra4 54. Bd3 Ra2 55. Bb1 Re2 56. Be4 Ke7 57. Nd4 Ra2 58. Kb3 Rd2 59. Kc4 Kd6 60.
Nf5+ Ke5 61. Kc3 Rd7 62. Ne3 Kf4 63. Nd5+ Ke5 64. Nb4 Rc7+ 65. Kb3 a5 66. Nc6+
Kf4 67. Nxa5 Re7 68. Nc4 Rxe4 1/2-1/2

[Event "12. Torneo de Promoción Almansa 2017"]
[Site "Almansa ESP"]
[Date "2017.08.04"]
[Round "6.2"]
[White "Silva Rodriguez, Fernando"]
[Black "Gonzalez Laso, Adrian"]
[Result "1/2-1/2"]
[WhiteElo "2235"]
[BlackElo "2210"]
[PlyCount "45"]
[EventDate "2017.08.01"]
[EventType "swiss"]
[EventRounds "9"]
[EventCountry "ESP"]
[SourceTitle "Ajedrez en Madrid"]
[Source "lmi"]
[SourceDate "2017.08.01"]
[SourceVersion "1"]
[SourceVersionDate "2017.08.11"]
[SourceQuality "1"]

1. d4 Nf6 2. c4 c5 3. d5 b5 4. Nf3 bxc4 5. Nc3 d6 6. e4 g6 7. e5 dxe5 8. Nxe5
Bg7 9. Bxc4 O-O 10. O-O Nfd7 11. Nxf7 Rxf7 12. d6 Nb6 13. dxe7 Qxe7 14. Re1
Qxe1+ 15. Qxe1 Nxc4 16. Qe8+ Rf8 17. Qe4 Nb6 18. Nd5 Bf5 19. Ne7+ Kh8 20. Nxf5
Rxf5 21. Be3 N8d7 22. Rd1 Raf8 23. Qb7 1/2-1/2

[Event "12. Torneo de Promoción Almansa 2017"]
[Site "Almansa ESP"]
[Date "2017.08.04"]
[Round "6.3"]
[White "Arias Igual, Alejandro"]
[Black "Jordan Martinez, Miguel"]
[Result "1-0"]
[WhiteElo "2232"]
[BlackElo "2212"]
[PlyCount "63"]
[EventDate "2017.08.01"]
[EventType "swiss"]
[EventRounds "9"]
[EventCountry "ESP"]
[SourceTitle "Ajedrez en Madrid"]
[Source "lmi"]
[SourceDate "2017.08.01"]
[SourceVersion "1"]
[SourceVersionDate "2017.08.11"]
[SourceQuality "1"]

1. Nf3 Nf6 2. g3 g6 3. Bg2 Bg7 4. O-O O-O 5. d3 d6 6. e4 e5 7. Nh4 c6 8. Qe1
Re8 9. Nc3 h6 10. f4 exf4 11. gxf4 Ng4 12. Qg3 Nf6 13. Bf3 Nbd7 14. Kh1 Nh7 15.
Rg1 Ndf8 16. Nf5 Bxf5 17. exf5 Bd4 18. Bd2 Bxg1 19. Rxg1 d5 20. fxg6 fxg6 21.
Qh3 Kg7 22. Ne2 Rxe2 23. Bxe2 Qf6 24. d4 Ne6 25. Bd3 Nxf4 26. Bxf4 Qxf4 27.
Rxg6+ Kh8 28. Qxh6 Qf3+ 29. Kg1 Qf8 30. Re6 Qg8+ 31. Bg6 Rb8 32. Re7 1-0

[Event "12. Torneo de Promoción Almansa 2017"]
[Site "Almansa ESP"]
[Date "2017.08.04"]
[Round "6.4"]
[White "Amate Tortosa, Bernardo"]
[Black "Navarro Lopez-Menchero, Daniel"]
[Result "1-0"]
[WhiteElo "2103"]
[BlackElo "2266"]
[PlyCount "61"]
[EventDate "2017.08.01"]
[EventType "swiss"]
[EventRounds "9"]
[EventCountry "ESP"]
[SourceTitle "Ajedrez en Madrid"]
[Source "lmi"]
[SourceDate "2017.08.01"]
[SourceVersion "1"]
[SourceVersionDate "2017.08.11"]
[SourceQuality "1"]

1. c4 e5 2. g3 Nc6 3. Bg2 Nf6 4. Nc3 Bc5 5. a3 d6 6. e3 a6 7. Nge2 Ba7 8. b4
Bf5 9. d3 Qc8 10. h3 h5 11. Bb2 Ne7 12. Qd2 c6 13. Rc1 Ng6 14. a4 O-O 15. e4
Bd7 16. Qg5 Re8 17. Nd1 Nf8 18. f4 N8h7 19. Qh4 Bb6 20. g4 hxg4 21. f5 gxh3 22.
Rxh3 c5 23. Ne3 Kf8 24. Qg3 Ke7 25. Rxh7 cxb4 26. Nd5+ Nxd5 27. cxd5 Bc5 28.
Qg5+ f6 29. Rxg7+ Kd8 30. Qxf6+ Kc7 31. Rxc5+ 1-0

[Event "12. Torneo de Promoción Almansa 2017"]
[Site "Almansa ESP"]
[Date "2017.08.04"]
[Round "6.5"]
[White "Lara Granero, Bio"]
[Black "Romero Berruezo, Francisco"]
[Result "1/2-1/2"]
[WhiteElo "2063"]
[BlackElo "2132"]
[PlyCount "122"]
[EventDate "2017.08.01"]
[EventType "swiss"]
[EventRounds "9"]
[EventCountry "ESP"]
[SourceTitle "Ajedrez en Madrid"]
[Source "lmi"]
[SourceDate "2017.08.01"]
[SourceVersion "1"]
[SourceVersionDate "2017.08.11"]
[SourceQuality "1"]

1. b3 e5 2. Bb2 Nc6 3. e3 d6 4. Ne2 g6 5. d4 Bg7 6. d5 Nce7 7. Ng3 f5 8. h4 Nf6
9. c4 O-O 10. h5 f4 11. exf4 exf4 12. Ne2 Nxh5 13. Bxg7 Nxg7 14. Nbc3 Bg4 15.
f3 Bd7 16. Qd2 Qe8 17. O-O-O Nef5 18. Nxf4 Qe3 19. Nd3 Qxd2+ 20. Kxd2 Ng3 21.
Rg1 Rae8 22. Nf2 N7h5 23. Nfe4 Kg7 24. Nxg3 Nxg3 25. Bd3 h6 26. Rde1 Nh5 27.
Rxe8 Rxe8 28. Re1 Rxe1 29. Kxe1 Nf4 30. Bf1 g5 31. g3 Ng6 32. Kf2 Kf6 33. Bd3
Ne5 34. Ne4+ Ke7 35. Be2 Bf5 36. Nc3 c6 37. Ke3 Nd7 38. g4 Bc2 39. Bd3 Bxd3 40.
Kxd3 Nf6 41. dxc6 bxc6 42. b4 Nd7 43. b5 Ne5+ 44. Ke4 Kd7 45. c5 Nc4 46. bxc6+
Kxc6 47. cxd6 Nxd6+ 48. Ke5 Nc4+ 49. Kf6 Nd2 50. Kg6 a5 51. Kxh6 Nxf3 52. Ne4
Kb5 53. Nxg5 Ne5 54. Ne4 Nxg4+ 55. Kg5 Ne5 56. Kf4 Nc4 57. Nc3+ Kb4 58. Nb1 Na3
59. Nd2 Kc3 60. Nb3 a4 61. Nc5 Kb2 1/2-1/2

[Event "12. Torneo de Promoción Almansa 2017"]
[Site "Almansa ESP"]
[Date "2017.08.04"]
[Round "6.6"]
[White "Prieto Aranguren, Alain"]
[Black "Esteban Romo, Francisco J"]
[Result "0-1"]
[WhiteElo "2286"]
[BlackElo "2007"]
[PlyCount "202"]
[EventDate "2017.08.01"]
[EventType "swiss"]
[EventRounds "9"]
[EventCountry "ESP"]
[SourceTitle "Ajedrez en Madrid"]
[Source "lmi"]
[SourceDate "2017.08.01"]
[SourceVersion "1"]
[SourceVersionDate "2017.08.11"]
[SourceQuality "1"]

1. d4 d6 2. Nf3 Bg4 3. e4 Nf6 4. Nc3 e6 5. h3 Bh5 6. Qe2 c6 7. g4 Bg6 8. h4 h5
9. g5 Nfd7 10. Bh3 Qb6 11. O-O Qa6 12. Qe1 e5 13. Be3 Qa5 14. Qd2 Qc7 15. Nh2
Be7 16. f4 exf4 17. Bxf4 O-O 18. Nf3 a6 19. Rae1 b5 20. Qh2 Nb6 21. e5 dxe5 22.
Nxe5 Qd8 23. Nxg6 fxg6 24. Be5 Nc4 25. Be6+ Kh7 26. Rxf8 Bxf8 27. Bxc4 bxc4 28.
Rf1 Nd7 29. Rf7 Qe8 30. Qf4 Kg8 31. Rxd7 Qxd7 32. Qe4 Qe6 33. Kg2 Re8 34. Qf4
c5 35. Qf3 cxd4 36. Bxd4 Qf5 37. Qxf5 gxf5 38. Kf3 Bd6 39. Bf2 Be5 40. Na4 Rd8
41. Nb6 Bxb2 42. Nxc4 Bc1 43. Ke2 Kf7 44. Bb6 Rd5 45. a4 g6 46. a5 Bf4 47. Kf3
Bb8 48. Ne3 Rd2 49. c4 Ke6 50. Nd5 Rxd5 51. cxd5+ Kxd5 52. Bf2 Be5 53. Be1 Kc4
54. Bf2 Kb5 55. Bb6 Bd6 56. Bd8 Kc6 57. Bf6 Bb4 58. Bd8 Be1 59. Kf4 Kd5 60. Bb6
Bxh4 61. Bd8 Be1 62. Kf3 Bd2 63. Ke2 Bc3 64. Kf3 Be5 65. Bb6 h4 66. Bd8 h3 67.
Bb6 h2 68. Kg2 Ke4 69. Bd8 Bf4 70. Bf6 Kd5 71. Bd8 Kd6 72. Bf6 Kd7 73. Kh1 Bc7
74. Kg2 Kc6 75. Bc3 Kb5 76. Bd2 Kc4 77. Be3 Kd3 78. Bb6 Be5 79. Bd8 Ke2 80. Bb6
Bd6 81. Bd8 h1=Q+ 82. Kxh1 Kf3 83. Bb6 Kg4 84. Kg2 Bf4 85. Bd8 Bxg5 86. Bc7 Bd2
87. Bb6 Kf4 88. Bd8 g5 89. Kf2 Ke4 90. Ke2 Bf4 91. Bb6 g4 92. Kf2 Be5 93. Kg2
Kd5 94. Bd8 f4 95. Bg5 Ke4 96. Bd8 f3+ 97. Kh1 Ke3 98. Bb6+ Ke2 99. Bg1 g3 100.
Bf2 g2+ 101. Kg1 Bh2+ 0-1

[Event "12. Torneo de Promoción Almansa 2017"]
[Site "Almansa ESP"]
[Date "2017.08.04"]
[Round "6.8"]
[White "Salazar De La Cruz, Jose Maria"]
[Black "Jimenez De La Torre, Jose A"]
[Result "0-1"]
[WhiteElo "2000"]
[BlackElo "2063"]
[PlyCount "40"]
[EventDate "2017.08.01"]
[EventType "swiss"]
[EventRounds "9"]
[EventCountry "ESP"]
[SourceTitle "Ajedrez en Madrid"]
[Source "lmi"]
[SourceDate "2017.08.01"]
[SourceVersion "1"]
[SourceVersionDate "2017.08.11"]
[SourceQuality "1"]

1. d4 d5 2. c4 e6 3. Nc3 c5 4. cxd5 cxd4 5. Qxd4 Nc6 6. Qd1 exd5 7. Qxd5 Bd7 8.
Bf4 Nf6 9. Qd2 Bc5 10. e3 Qe7 11. O-O-O O-O-O 12. Qc2 Nb4 13. Qb3 Be6 14. Bc4
Nd3+ 15. Rxd3 Rxd3 16. Nd5 Rxd5 17. Bxd5 Nxd5 18. Qc2 Nb4 19. Qe4 f5 20. Qb1
Nxa2+ 0-1